000
00185 a2200097 4500
020
_a
9789992482650
041
_a
spa
100
_a
Dario, Ruben
245
_a
Prosas Profanas
942
_c
BK
999
_c
14641
_d
14641